| 000 | 00976nam a2200313 a 4500 | ||
|---|---|---|---|
| 999 |
_c7452 _d7452 |
||
| 001 | 991033926639706706 | ||
| 003 | OSt | ||
| 005 | 20211130113617.0 | ||
| 008 | 110627s2010 spc|||| |||| 0|1 0 cat| | ||
| 015 |
_aLL2011 _2bnc |
||
| 017 |
_aDL B. 41465-2010 _bBiblioteca de Catalunya |
||
| 020 | _a9788489751743 | ||
| 035 | _a(ES-BaCBU)b49107197-34csuc_network | ||
| 035 | _a(ES-BaCBU).b49107197 | ||
| 035 | _a(ccuc001)b49107197 | ||
| 040 |
_aES-BaBC _bcat _cES-BaBC _dCDMR |
||
| 043 |
_ae-sp--- _be-spc-- _2catmarc |
||
| 080 | _a929Tomàs Cabot, Josep | ||
| 100 | 1 | _aTomàs Cabot, Josep, | |
| 245 | 1 | 3 |
_aLa Feina feta : _bmemòries professionals / _cJosep Tomàs Cabot |
| 260 |
_aBerga : _bL'Albí, _c2010 |
||
| 300 |
_a643 p. ; _c23 cm |
||
| 504 | _aReferències bibliogràfiques. Índex | ||
| 600 | 1 | 7 | _aTomàs Cabot, Josep, |
| 907 |
_a.b49107197 _b17-02-21 _c27-06-11 _d27-06-11 _em _fa _g- _hcat _ispc _j0 _k1 |
||
| 908 |
_aBC _aICGC |
||
| 940 | _aBC | ||
| 942 |
_2udc _cMON |
||